Statistics for The Office Season 5 quiz

Click here to take the quiz!

General Stats

  • This quiz has been taken 256 times
  • The average score is 12 of 18

Answer Stats

HintAnswer% Correct
Who gets engaged in this season?jim and pam
100%
Who is the new HR rep?holly
95%
Which employee gets transferred back to Nashua?holly
95%
who collapses from a heart attack?stanley
92%
Where does Jim propose to Pam?gas station
90%
What 2 people help Michael with his own Paper Company?Pam and Ryan
87%
Who has a baby in this season?jan
86%
who's hair catches on fire?meredith
84%
Where does the old HR rep (toby) go?Costa Rica
82%
Who goes with him?Andy and Oscar
68%
What initiative do the Dunder Mifflin branches participate in?weight loss
58%
What is the name of the new VPCharles
51%
Michael hosts a what, in his honorroast
47%
What event do all the employees of dunder mifflin go to on the last episode of the season?picnic
38%
What children's book character does Michael dress up as?Willie Wonka
36%
What place does Michael create to help his employees release stress?cafe disco
34%
Where does Michael go on his business trip?Winnipeg
27%
What is the amount of the dunder mifflin surplus4300
19%

Score Distribution

Percentile by Number Answered

Percent of People with Each Score

Your Score History

You have not taken this quiz